000 00658nam a2200229Ii 4500
003 JO-AjNU
008 230605s9999||||xx |||||||||||||| ||und||
017 _a2000/5/1692
020 _a9957-07-164-5
040 _aJO-AjNU
_bara
_erda
_cJO-AjNU
041 _aara
050 1 4 _aLC4704.A22 2000
100 3 _aعدس، محمد عبد الرحيم,
_eauthor
_942039
245 0 0 _aصعوبات التعلم
250 _aط1
264 3 1 _aعمان:دار الفكر،2000
300 _a330ص
336 _atext
_btxt
_2rdacontent
337 _aunmediated
_bn
_2rdamedia
338 _avolume
_bnc
_2rdacarrier
650 4 _aصعوبات التعلم
_942040
999 _aA17971
_c21539
_d21539